Wiskunde - Verdubbelen - Statistieken

Algemene statistieken
  • Deze quiz is 74 keer genomen
  • De gemiddelde score is 19 van 20
Antwoordstatistieken
Cijfer Dubbel % Correct
5 10
100%
50 100
100%
500 1000
100%
501 1002
100%
502 1004
100%
504 1008
100%
507 1014
100%
508 1016
100%
509 1018
100%
510 1020
100%
512 1024
100%
513 1026
100%
515 1030
100%
516 1032
100%
517 1034
100%
518 1036
100%
520 1040
100%
525 1050
100%
529 1058
100%
53 106
100%
532 1064
100%
533 1066
100%
534 1068
100%
535 1070
100%
536 1072
100%
537 1074
100%
538 1076
100%
539 1078
100%
54 108
100%
543 1086
100%
544 1088
100%
545 1090
100%
546 1092
100%
547 1094
100%
549 1098
100%
551 1102
100%
552 1104
100%
553 1106
100%
557 1114
100%
558 1116
100%
559 1118
100%
56 112
100%
560 1120
100%
563 1126
100%
564 1128
100%
569 1138
100%
57 114
100%
575 1150
100%
576 1152
100%
577 1154
100%
58 116
100%
580 1160
100%
581 1162
100%
582 1164
100%
585 1170
100%
588 1176
100%
591 1182
100%
593 1186
100%
594 1188
100%
595 1190
100%
598 1196
100%
600 1200
100%
601 1202
100%
603 1206
100%
604 1208
100%
605 1210
100%
606 1212
100%
608 1216
100%
609 1218
100%
617 1234
100%
620 1240
100%
625 1250
100%
626 1252
100%
627 1254
100%
629 1258
100%
63 126
100%
630 1260
100%
632 1264
100%
634 1268
100%
635 1270
100%
64 128
100%
640 1280
100%
642 1284
100%
644 1288
100%
647 1294
100%
648 1296
100%
65 130
100%
650 1300
100%
652 1304
100%
654 1308
100%
655 1310
100%
656 1312
100%
658 1316
100%
659 1318
100%
66 132
100%
664 1328
100%
666 1332
100%
667 1334
100%
669 1338
100%
67 134
100%
670 1340
100%
671 1342
100%
672 1344
100%
675 1350
100%
677 1354
100%
680 1360
100%
681 1362
100%
682 1364
100%
683 1366
100%
684 1368
100%
687 1374
100%
688 1376
100%
69 138
100%
690 1380
100%
693 1386
100%
696 1392
100%
697 1394
100%
700 1400
100%
701 1402
100%
703 1406
100%
704 1408
100%
705 1410
100%
708 1416
100%
71 142
100%
710 1420
100%
711 1422
100%
713 1426
100%
715 1430
100%
717 1434
100%
718 1436
100%
719 1438
100%
72 144
100%
720 1440
100%
721 1442
100%
723 1446
100%
724 1448
100%
727 1454
100%
728 1456
100%
729 1458
100%
73 146
100%
730 1460
100%
731 1462
100%
735 1470
100%
739 1478
100%
741 1482
100%
745 1490
100%
749 1498
100%
750 1500
100%
751 1502
100%
752 1504
100%
755 1510
100%
757 1514
100%
758 1516
100%
759 1518
100%
76 152
100%
762 1524
100%
764 1528
100%
766 1532
100%
767 1534
100%
768 1536
100%
769 1538
100%
77 154
100%
771 1542
100%
772 1544
100%
773 1546
100%
776 1552
100%
778 1556
100%
78 156
100%
780 1560
100%
782 1564
100%
783 1566
100%
784 1568
100%
785 1570
100%
790 1580
100%
792 1584
100%
796 1592
100%
797 1594
100%
799 1598
100%
80 160
100%
800 1600
100%
801 1602
100%
805 1610
100%
809 1618
100%
81 162
100%
811 1622
100%
814 1628
100%
815 1630
100%
818 1636
100%
819 1638
100%
820 1640
100%
821 1642
100%
823 1646
100%
824 1648
100%
825 1650
100%
827 1654
100%
828 1656
100%
829 1658
100%
83 166
100%
830 1660
100%
834 1668
100%
835 1670
100%
836 1672
100%
84 168
100%
840 1680
100%
842 1684
100%
843 1686
100%
845 1690
100%
846 1692
100%
847 1694
100%
849 1698
100%
850 1700
100%
851 1702
100%
852 1704
100%
853 1706
100%
856 1712
100%
857 1714
100%
858 1716
100%
859 1718
100%
861 1722
100%
862 1724
100%
864 1728
100%
865 1730
100%
87 174
100%
870 1740
100%
873 1746
100%
876 1752
100%
877 1754
100%
878 1756
100%
88 176
100%
880 1760
100%
881 1762
100%
885 1770
100%
886 1772
100%
889 1778
100%
89 178
100%
892 1784
100%
895 1790
100%
898 1796
100%
9 18
100%
900 1800
100%
901 1802
100%
902 1804
100%
903 1806
100%
905 1810
100%
908 1816
100%
909 1818
100%
91 182
100%
910 1820
100%
912 1824
100%
913 1826
100%
914 1828
100%
915 1830
100%
917 1834
100%
919 1838
100%
923 1846
100%
927 1854
100%
928 1856
100%
93 186
100%
931 1862
100%
932 1864
100%
935 1870
100%
936 1872
100%
937 1874
100%
94 188
100%
941 1882
100%
946 1892
100%
952 1904
100%
953 1906
100%
955 1910
100%
957 1914
100%
958 1916
100%
959 1918
100%
96 192
100%
962 1924
100%
963 1926
100%
964 1928
100%
965 1930
100%
966 1932
100%
968 1936
100%
969 1938
100%
975 1950
100%
980 1960
100%
981 1962
100%
989 1978
100%
990 1980
100%
991 1982
100%
992 1984
100%
993 1986
100%
10 20
100%
102 204
100%
103 206
100%
104 208
100%
105 210
100%
109 218
100%
11 22
100%
111 222
100%
112 224
100%
113 226
100%
114 228
100%
117 234
100%
118 236
100%
119 238
100%
12 24
100%
121 242
100%
122 244
100%
124 248
100%
128 256
100%
13 26
100%
130 260
100%
131 262
100%
134 268
100%
135 270
100%
137 274
100%
138 276
100%
139 278
100%
14 28
100%
141 282
100%
142 284
100%
146 292
100%
147 294
100%
148 296
100%
149 298
100%
15 30
100%
150 300
100%
153 306
100%
154 308
100%
155 310
100%
156 312
100%
158 316
100%
159 318
100%
16 32
100%
160 320
100%
162 324
100%
164 328
100%
165 330
100%
166 332
100%
170 340
100%
172 344
100%
173 346
100%
175 350
100%
177 354
100%
18 36
100%
181 362
100%
182 364
100%
183 366
100%
187 374
100%
188 376
100%
189 378
100%
19 38
100%
190 380
100%
193 386
100%
195 390
100%
197 394
100%
199 398
100%
20 40
100%
201 402
100%
202 404
100%
203 406
100%
204 408
100%
206 412
100%
207 414
100%
208 416
100%
209 418
100%
210 420
100%
212 424
100%
213 426
100%
214 428
100%
215 430
100%
217 434
100%
218 436
100%
219 438
100%
22 44
100%
220 440
100%
221 442
100%
224 448
100%
225 450
100%
228 456
100%
229 458
100%
23 46
100%
230 460
100%
231 462
100%
233 466
100%
235 470
100%
236 472
100%
237 474
100%
238 476
100%
24 48
100%
240 480
100%
241 482
100%
243 486
100%
244 488
100%
247 494
100%
249 498
100%
25 50
100%
252 504
100%
254 508
100%
255 510
100%
258 516
100%
259 518
100%
260 520
100%
261 522
100%
263 526
100%
266 532
100%
267 534
100%
270 540
100%
275 550
100%
276 552
100%
277 554
100%
278 556
100%
281 562
100%
282 564
100%
283 566
100%
284 568
100%
286 572
100%
287 574
100%
288 576
100%
29 58
100%
290 580
100%
292 584
100%
293 586
100%
295 590
100%
296 592
100%
298 596
100%
299 598
100%
300 600
100%
302 604
100%
303 606
100%
307 614
100%
308 616
100%
309 618
100%
310 620
100%
312 624
100%
313 626
100%
316 632
100%
317 634
100%
318 636
100%
32 64
100%
320 640
100%
321 642
100%
322 644
100%
324 648
100%
325 650
100%
329 658
100%
33 66
100%
331 662
100%
333 666
100%
334 668
100%
335 670
100%
337 674
100%
338 676
100%
34 68
100%
340 680
100%
342 684
100%
343 686
100%
346 692
100%
347 694
100%
348 696
100%
35 70
100%
350 700
100%
351 702
100%
352 704
100%
355 710
100%
356 712
100%
360 720
100%
361 722
100%
362 724
100%
366 732
100%
367 734
100%
369 738
100%
37 74
100%
372 744
100%
374 748
100%
375 750
100%
376 752
100%
378 756
100%
38 76
100%
382 764
100%
385 770
100%
386 772
100%
388 776
100%
389 778
100%
39 78
100%
390 780
100%
391 782
100%
392 784
100%
395 790
100%
396 792
100%
397 794
100%
399 798
100%
40 80
100%
400 800
100%
402 804
100%
403 806
100%
404 808
100%
407 814
100%
409 818
100%
41 82
100%
410 820
100%
416 832
100%
417 834
100%
42 84
100%
423 846
100%
424 848
100%
427 854
100%
428 856
100%
429 858
100%
430 860
100%
432 864
100%
433 866
100%
434 868
100%
435 870
100%
436 872
100%
437 874
100%
438 876
100%
439 878
100%
44 88
100%
447 894
100%
448 896
100%
45 90
100%
450 900
100%
453 906
100%
455 910
100%
457 914
100%
459 918
100%
461 922
100%
463 926
100%
464 928
100%
467 934
100%
468 936
100%
471 942
100%
473 946
100%
476 952
100%
477 954
100%
478 956
100%
479 958
100%
480 960
100%
482 964
100%
483 966
100%
486 972
100%
490 980
100%
492 984
100%
494 988
100%
498 996
100%
499 998
100%
854 1708
86%
541 1082
75%
178 356
75%
253 506
75%
519 1038
67%
643 1286
67%
855 1710
67%
271 542
67%
294 588
67%
377 754
67%
421 842
67%
474 948
67%
514 1028
50%
555 1110
50%
556 1112
50%
689 1378
50%
726 1452
50%
747 1494
50%
879 1758
50%
883 1766
50%
888 1776
50%
947 1894
50%
949 1898
50%
976 1952
50%
161 322
50%
174 348
50%
328 656
50%
472 944
50%
493 986
50%
777 1554
33%
503 1006
0%
505 1010
0%
506 1012
0%
51 102
0%
511 1022
0%
52 104
0%
521 1042
0%
522 1044
0%
523 1046
0%
524 1048
0%
526 1052
0%
527 1054
0%
528 1056
0%
530 1060
0%
531 1062
0%
540 1080
0%
542 1084
0%
548 1096
0%
55 110
0%
550 1100
0%
554 1108
0%
561 1122
0%
562 1124
0%
565 1130
0%
566 1132
0%
567 1134
0%
568 1136
0%
570 1140
0%
571 1142
0%
572 1144
0%
573 1146
0%
574 1148
0%
578 1156
0%
579 1158
0%
583 1166
0%
584 1168
0%
586 1172
0%
587 1174
0%
589 1178
0%
59 118
0%
590 1180
0%
592 1184
0%
596 1192
0%
597 1194
0%
599 1198
0%
6 12
0%
60 120
0%
602 1204
0%
607 1214
0%
61 122
0%
610 1220
0%
611 1222
0%
612 1224
0%
613 1226
0%
614 1228
0%
615 1230
0%
616 1232
0%
618 1236
0%
619 1238
0%
62 124
0%
621 1242
0%
622 1244
0%
623 1246
0%
624 1248
0%
628 1256
0%
631 1262
0%
633 1266
0%
636 1272
0%
637 1274
0%
638 1276
0%
639 1278
0%
641 1282
0%
645 1290
0%
646 1292
0%
649 1298
0%
651 1302
0%
653 1306
0%
657 1314
0%
660 1320
0%
661 1322
0%
662 1324
0%
663 1326
0%
665 1330
0%
668 1336
0%
673 1346
0%
674 1348
0%
676 1352
0%
678 1356
0%
679 1358
0%
68 136
0%
685 1370
0%
686 1372
0%
691 1382
0%
692 1384
0%
694 1388
0%
695 1390
0%
698 1396
0%
699 1398
0%
7 14
0%
70 140
0%
702 1404
0%
706 1412
0%
707 1414
0%
709 1418
0%
712 1424
0%
714 1428
0%
716 1432
0%
722 1444
0%
725 1450
0%
732 1464
0%
733 1466
0%
734 1468
0%
736 1472
0%
737 1474
0%
738 1476
0%
74 148
0%
740 1480
0%
742 1484
0%
743 1486
0%
744 1488
0%
746 1492
0%
748 1496
0%
75 150
0%
753 1506
0%
754 1508
0%
756 1512
0%
760 1520
0%
761 1522
0%
763 1526
0%
765 1530
0%
770 1540
0%
774 1548
0%
775 1550
0%
779 1558
0%
781 1562
0%
786 1572
0%
787 1574
0%
788 1576
0%
789 1578
0%
79 158
0%
791 1582
0%
793 1586
0%
794 1588
0%
795 1590
0%
798 1596
0%
8 16
0%
802 1604
0%
803 1606
0%
804 1608
0%
806 1612
0%
807 1614
0%
808 1616
0%
810 1620
0%
812 1624
0%
813 1626
0%
816 1632
0%
817 1634
0%
82 164
0%
822 1644
0%
826 1652
0%
831 1662
0%
832 1664
0%
833 1666
0%
837 1674
0%
838 1676
0%
839 1678
0%
841 1682
0%
844 1688
0%
848 1696
0%
85 170
0%
86 172
0%
860 1720
0%
863 1726
0%
866 1732
0%
867 1734
0%
868 1736
0%
869 1738
0%
871 1742
0%
872 1744
0%
874 1748
0%
875 1750
0%
882 1764
0%
884 1768
0%
887 1774
0%
890 1780
0%
891 1782
0%
893 1786
0%
894 1788
0%
896 1792
0%
897 1794
0%
899 1798
0%
90 180
0%
904 1808
0%
906 1812
0%
907 1814
0%
911 1822
0%
916 1832
0%
918 1836
0%
92 184
0%
920 1840
0%
921 1842
0%
922 1844
0%
924 1848
0%
925 1850
0%
926 1852
0%
929 1858
0%
930 1860
0%
933 1866
0%
934 1868
0%
938 1876
0%
939 1878
0%
940 1880
0%
942 1884
0%
943 1886
0%
944 1888
0%
945 1890
0%
948 1896
0%
95 190
0%
950 1900
0%
951 1902
0%
954 1908
0%
956 1912
0%
960 1920
0%
961 1922
0%
967 1934
0%
97 194
0%
970 1940
0%
971 1942
0%
972 1944
0%
973 1946
0%
974 1948
0%
977 1954
0%
978 1956
0%
979 1958
0%
98 196
0%
982 1964
0%
983 1966
0%
984 1968
0%
985 1970
0%
986 1972
0%
987 1974
0%
988 1976
0%
99 198
0%
994 1988
0%
100 200
0%
101 202
0%
106 212
0%
107 214
0%
108 216
0%
110 220
0%
115 230
0%
116 232
0%
120 240
0%
123 246
0%
125 250
0%
126 252
0%
127 254
0%
129 258
0%
132 264
0%
133 266
0%
136 272
0%
140 280
0%
143 286
0%
144 288
0%
145 290
0%
151 302
0%
152 304
0%
157 314
0%
163 326
0%
167 334
0%
168 336
0%
169 338
0%
17 34
0%
171 342
0%
176 352
0%
179 358
0%
180 360
0%
184 368
0%
185 370
0%
186 372
0%
191 382
0%
192 384
0%
194 388
0%
196 392
0%
198 396
0%
200 400
0%
205 410
0%
21 42
0%
211 422
0%
216 432
0%
222 444
0%
223 446
0%
226 452
0%
227 454
0%
232 464
0%
234 468
0%
239 478
0%
242 484
0%
245 490
0%
246 492
0%
248 496
0%
250 500
0%
251 502
0%
256 512
0%
257 514
0%
26 52
0%
262 524
0%
264 528
0%
265 530
0%
268 536
0%
269 538
0%
27 54
0%
272 544
0%
273 546
0%
274 548
0%
279 558
0%
28 56
0%
280 560
0%
285 570
0%
289 578
0%
291 582
0%
297 594
0%
30 60
0%
301 602
0%
304 608
0%
305 610
0%
306 612
0%
31 62
0%
311 622
0%
314 628
0%
315 630
0%
319 638
0%
323 646
0%
326 652
0%
327 654
0%
330 660
0%
332 664
0%
336 672
0%
339 678
0%
341 682
0%
344 688
0%
345 690
0%
349 698
0%
353 706
0%
354 708
0%
357 714
0%
358 716
0%
359 718
0%
36 72
0%
363 726
0%
364 728
0%
365 730
0%
368 736
0%
370 740
0%
371 742
0%
373 746
0%
379 758
0%
380 760
0%
381 762
0%
383 766
0%
384 768
0%
387 774
0%
393 786
0%
394 788
0%
398 796
0%
401 802
0%
405 810
0%
406 812
0%
408 816
0%
411 822
0%
412 824
0%
413 826
0%
414 828
0%
415 830
0%
418 836
0%
419 838
0%
420 840
0%
422 844
0%
425 850
0%
426 852
0%
43 86
0%
431 862
0%
440 880
0%
441 882
0%
442 884
0%
443 886
0%
444 888
0%
445 890
0%
446 892
0%
449 898
0%
451 902
0%
452 904
0%
454 908
0%
456 912
0%
458 916
0%
46 92
0%
460 920
0%
462 924
0%
465 930
0%
466 932
0%
469 938
0%
47 94
0%
470 940
0%
475 950
0%
48 96
0%
481 962
0%
484 968
0%
485 970
0%
487 974
0%
488 976
0%
489 978
0%
49 98
0%
491 982
0%
495 990
0%
496 992
0%
497 994
0%
Geen overeenkomende quizzen gevonden
Scoreverdeling
Procent van Mensen met Elke Score
Percentiel versus Aantal Correcte Antwoorden
Uw Scoregeschiedenis
U heeft deze quiz nog niet genomen